Airline Tails Picture Quiz #3 - Statistics

General Stats
  • This quiz has been taken 175 times
    174 since last reset
  • The average score is 11 of 15
Answer Stats
Picture Answer % Correct
TAP Portugal
89%
United
88%
Turkish Airlines
87%
Thai Airways
86%
Aeroflot
83%
El Al Israel
83%
Singapore Airlines
83%
Cathay Pacific
78%
Egyptair
73%
Aeroméxico
72%
Austrian Airlines
69%
EVA Air
63%
S7 Airlines
60%
Wizzair
60%
Eurowings
56%
No matching quizzes found
Score Distribution
Percent of People with Each Score
Percentile by Number Answered
Your Score History
You have not taken this quiz since the last reset